000 00483nam a2200181Ia 4500
005 20250508151819.0
008 008 250505s9999 xx 000 0 eng d
037 _aBooks to be hide in OPAC
040 _aFEDL
_beng
_cFEDL
041 _aeng
_2eng
084 _a372, PEH/O
_qFEDL
100 _aPehialko
_9760050
245 0 _aHrithmelika class 4th (Russian)
300 _a158p.
700 _a Polyak
_9760051
942 _cHB
_h372, PEH/O
999 _c1332274
_d1332274